000 00852nab a2200241u 4500
001 17857
003 HDC
007 c| |||a|c|aaaa
008 210224b20140605my ||||| |||| 00| 0 may d
040 _aHDC
100 _aMohd Hamizar Hamid & Shahrizan Salian /
_eauthor
_917030
245 0 _aMyULM mula sebelum akhir tahun /
_cMohd Hamizar Hamid & Shahrizan Salian
336 _atext
_2rdacontent
337 _acomputer
_2rdamedia
338 _aonline resource
_2rdacarrier
650 _aMalaysia Unlisted Market (MyULM)
_917031
650 _asmall and medium enterprises (SME)
_97657
710 _aBERITA HARIAN
856 _zRequest full-text at [email protected]
942 _2lcc
942 _cNEWS
942 _kNWSC 005037
999 _c15173
_d15173